[Event "World Rapid 2015"]
[Site "Berlin GER"]
[Date "2015.10.12"]
[Round "14.49"]
[White "Milanovic, Danilo"]
[Black "Gajewski, Grzegorz"]
[Result "0-1"]
[WhiteElo "2469"]
[BlackElo "2654"]
[PlyCount "78"]
[EventDate "2015.10.10"]
[EventType "rapid"]

1. d4 Nf6 2. c4 e6 3. Nc3 Bb4 4. e3 O-O 5. Bd3 d5 6. cxd5 exd5 7. Nge2 Re8 8.
O-O b6 9. a3 Bd6 10. f3 c5 11. Rb1 Nc6 12. Bd2 a6 13. Rf2 b5 14. Kh1 b4 15.
axb4 Nxb4 16. Bc2 g6 17. Ra1 Nxc2 18. Qxc2 Bf5 19. Qd1 h5 20. dxc5 Bxc5 21. Nd4
Bd7 22. Nce2 Qb6 23. Qc1 Qd6 24. Nf4 Rac8 25. Bc3 Qe7 26. Rxa6 Bxd4 27. exd4
Bb5 28. Ra1 g5 29. Nh3 Nh7 30. Qd2 f6 31. Ng1 Nf8 32. Bb4 Qe6 33. h4 Nh7 34.
Nh3 Qf5 35. Ra5 Bd7 36. Ra7 Qb1+ 37. Ng1 Rc1 38. Rxd7 Rxg1+ 39. Kh2 gxh4 0-1

[Event "World Rapid 2015"]
[Site "Berlin GER"]
[Date "2015.10.12"]
[Round "14.50"]
[White "Shchekachev, Andrei"]
[Black "Ivanisevic, Ivan"]
[Result "1/2-1/2"]
[WhiteElo "2531"]
[BlackElo "2653"]
[PlyCount "65"]
[EventDate "2015.10.10"]
[EventType "rapid"]

1. Nf3 d5 2. d4 Bf5 3. c4 e6 4. Nc3 Nf6 5. cxd5 exd5 6. Qb3 Nc6 7. Bg5 Na5 8.
Qa4+ c6 9. Bxf6 gxf6 10. e3 Qb6 11. O-O-O O-O-O 12. Bd3 Bg6 13. Nh4 Kb8 14.
Nxg6 hxg6 15. h4 f5 16. h5 Bd6 17. hxg6 fxg6 18. g3 a6 19. Kb1 Qc7 20. Qc2 Nc4
21. Rxh8 Rxh8 22. Bxc4 dxc4 23. e4 Qf7 24. d5 cxd5 25. exf5 gxf5 26. Nxd5 Rc8
27. Ne3 f4 28. Rxd6 fxe3 29. fxe3 Qf3 30. Qd2 Qf1+ 31. Kc2 Qf5+ 32. Kc1 Qf1+
33. Kc2 1/2-1/2

[Event "World Rapid 2015"]
[Site "Berlin GER"]
[Date "2015.10.12"]
[Round "14.52"]
[White "Borisek, Jure"]
[Black "Mikhalevski, Victor"]
[Result "1/2-1/2"]
[WhiteElo "2565"]
[BlackElo "2536"]
[PlyCount "84"]
[EventDate "2015.10.10"]
[EventType "rapid"]

1. e4 e5 2. Nf3 Nc6 3. Bb5 a6 4. Ba4 Nf6 5. O-O Nxe4 6. d4 b5 7. Bb3 d5 8. dxe5
Be6 9. Nbd2 Nc5 10. c3 d4 11. Bc2 d3 12. Bb1 Bf5 13. Nb3 Nxb3 14. axb3 Be7 15.
Re1 O-O 16. h3 a5 17. Be3 Qd5 18. Nd4 Nxd4 19. cxd4 Bb4 20. Rf1 Qe4 21. Qc1 c5
22. Rd1 cxd4 23. Bxd3 Qxe5 24. Bxd4 Qxd4 25. Bxf5 Qe5 26. Bd7 Ra6 27. Qe3 Qxb2
28. Rab1 Qf6 29. Bxb5 Re6 30. Qf3 Qxf3 31. gxf3 Rf6 32. Kg2 Rg6+ 33. Kf1 Rf6
34. Kg2 g6 35. Rbc1 Rb8 36. Ba4 Rbb6 37. Rc4 Rbe6 38. Re4 Rd6 39. Rxd6 Rxd6 40.
Bb5 Rd5 41. Bc4 Rg5+ 42. Rg4 Rxg4+ 1/2-1/2

[Event "World Rapid 2015"]
[Site "Berlin GER"]
[Date "2015.10.12"]
[Round "14.53"]
[White "Anton Guijarro, David"]
[Black "Ehlvest, Jaan"]
[Result "1/2-1/2"]
[WhiteElo "2634"]
[BlackElo "2535"]
[PlyCount "138"]
[EventDate "2015.10.10"]
[EventType "rapid"]

1. e4 Nf6 2. e5 Nd5 3. d4 d6 4. Nf3 Bg4 5. Be2 e6 6. O-O Be7 7. c4 Nb6 8. Be3
O-O 9. exd6 cxd6 10. Nbd2 Nc6 11. Rc1 a5 12. h3 Bh5 13. Re1 d5 14. c5 Nd7 15.
Qa4 Qc7 16. a3 Bf6 17. Bb5 h6 18. Qc2 Rfe8 19. b3 Rad8 20. Qc3 Bg6 21. b4 e5
22. Nb3 axb4 23. axb4 exd4 24. Nfxd4 Nde5 25. Bf4 Qc8 26. Bxe5 Rxe5 27. Bxc6
bxc6 28. Rxe5 Bxe5 29. Na5 Bxd4 30. Qxd4 Re8 31. Qf4 Re4 32. Qd6 Re6 33. Qg3 d4
34. Nc4 d3 35. Kh2 Qb7 36. Nb6 h5 37. Ra1 Kh7 38. Qf4 Qe7 39. Ra8 Re4 40. Qb8
Qe5+ 41. Qxe5 Rxe5 42. Rd8 Re2 43. f3 Rb2 44. Rd4 Kh6 45. Kg3 d2 46. Rd6 h4+
47. Kxh4 d1=Q 48. Rxd1 Rxg2 49. Rd6 f6 50. f4 Be4 51. Nd7 Kg6 52. Ne5+ Kf5 53.
Nxc6 Kxf4 54. Nd4 Rg6 55. Ne6+ Ke5 56. b5 f5 57. Ng5 Rxd6 58. Nf7+ Kd5 59. cxd6
Ke6 60. Ng5+ Kxd6 61. Nxe4+ fxe4 62. Kg4 Kc5 63. Kf4 Kxb5 64. Kxe4 Kc6 65. Kf5
Kd6 66. Kg6 Ke5 67. Kxg7 Kf4 68. Kg6 Kg3 69. Kf5 Kxh3 1/2-1/2

[Event "World Rapid 2015"]
[Site "Berlin GER"]
[Date "2015.10.12"]
[Round "14.54"]
[White "Vovk, Yuri"]
[Black "Wagner, Dennis"]
[Result "1-0"]
[WhiteElo "2617"]
[BlackElo "2575"]
[PlyCount "77"]
[EventDate "2015.10.10"]
[EventType "rapid"]

1. d4 Nf6 2. c4 g6 3. Nc3 d5 4. cxd5 Nxd5 5. e4 Nxc3 6. bxc3 Bg7 7. Nf3 c5 8.
Be3 Qa5 9. Nd2 Bd7 10. Rc1 cxd4 11. cxd4 Nc6 12. Bc4 Bxd4 13. Qb3 O-O 14. Bh6
Ne5 15. O-O Rfd8 16. Nf3 Ba4 17. Qa3 Nxf3+ 18. gxf3 e6 19. Bf4 Bc5 20. Qb2 b5
21. Bd5 exd5 22. Rxc5 d4 23. Bc7 Qa6 24. Bxd8 Rxd8 25. Rfc1 Qf6 26. Kg2 Kg7 27.
Qd2 d3 28. R1c3 Bc2 29. Rxb5 h5 30. Rb7 Kg8 31. Rxa7 h4 32. h3 Qb6 33. Rac7 Qf6
34. Rc8 Rxc8 35. Rxc8+ Kh7 36. a4 Qe5 37. a5 Qb5 38. Qf4 Kg7 39. Qxh4 1-0

[Event "World Rapid 2015"]
[Site "Berlin GER"]
[Date "2015.10.12"]
[Round "14.55"]
[White "Romanov, Evgeny"]
[Black "Svane, Rasmus"]
[Result "1-0"]
[WhiteElo "2573"]
[BlackElo "2543"]
[PlyCount "63"]
[EventDate "2015.10.10"]
[EventType "rapid"]

1. c4 c6 2. e4 d5 3. exd5 cxd5 4. cxd5 Nf6 5. Qa4+ Nbd7 6. Nc3 g6 7. Bc4 Bg7 8.
Nf3 O-O 9. d3 a6 10. Qa3 b6 11. O-O Bb7 12. Re1 Re8 13. Be3 b5 14. Bb3 Bf8 15.
Qb4 e6 16. Qd4 e5 17. Qh4 b4 18. Ne4 Nxd5 19. Bg5 Qb6 20. Bh6 Be7 21. Qh3 Nc5
22. Be3 Nxe3 23. Bxf7+ Kxf7 24. Qxh7+ Kf8 25. Nxe5 Qe6 26. Nxg6+ Qxg6 27. Qxg6
Bxe4 28. dxe4 Nc2 29. Re3 Nxe3 30. fxe3 Nd7 31. Rf1+ Bf6 32. e5 1-0

[Event "World Rapid 2015"]
[Site "Berlin GER"]
[Date "2015.10.12"]
[Round "14.57"]
[White "Hasangatin, Ramil"]
[Black "Guliyev, Namig"]
[Result "1/2-1/2"]
[WhiteElo "2509"]
[BlackElo "2579"]
[PlyCount "124"]
[EventDate "2015.10.10"]
[EventType "rapid"]

1. e4 c5 2. Nf3 d6 3. Bb5+ Bd7 4. Bxd7+ Nxd7 5. O-O Ngf6 6. Qe2 e6 7. d3 Be7 8.
Nbd2 O-O 9. Nc4 d5 10. exd5 exd5 11. Nce5 Nxe5 12. Qxe5 Re8 13. Bg5 h6 14. Bh4
Qd7 15. Rfe1 Bf8 16. Qf4 Nh5 17. Qd2 g5 18. Bg3 f6 19. Rxe8 Rxe8 20. Re1 Ng7
21. Rxe8 Qxe8 22. h3 a6 23. b3 Qe6 24. Kf1 b5 25. Qe1 Kf7 26. Qxe6+ Kxe6 27.
Ke2 d4 28. Nd2 f5 29. Bh2 h5 30. f3 h4 31. a4 Nh5 32. axb5 axb5 33. Nb1 Bd6 34.
Bg1 Kd5 35. Bf2 Bc7 36. Be1 Bf4 37. Ba5 b4 38. Bd8 Kd6 39. Nd2 Kd7 40. Bb6 Bd6
41. Nc4 Nf4+ 42. Kf2 Ne6 43. Ba5 Bg3+ 44. Ke2 Kc6 45. Kf1 Kb5 46. Ke2 Nf4+ 47.
Kf1 Nd5 48. Bd8 Bf4 49. Ke2 Kc6 50. Ba5 Kd7 51. Bb6 Bd6 52. Ba5 Be7 53. Nb6+
Nxb6 54. Bxb6 Bd6 55. Ba5 Be7 56. Bb6 Kc6 57. Ba5 Kb7 58. Kf1 Kc6 59. Ke2 Kd7
60. Bb6 Kc6 61. Ba5 Kd7 62. Bb6 Kc6 1/2-1/2

[Event "World Rapid 2015"]
[Site "Berlin GER"]
[Date "2015.10.12"]
[Round "14.58"]
[White "Maze, Sebastien"]
[Black "Munoz Pantoja, Miguel"]
[Result "1-0"]
[WhiteElo "2582"]
[BlackElo "2441"]
[PlyCount "87"]
[EventDate "2015.10.10"]
[EventType "rapid"]

1. e4 d5 2. exd5 Qxd5 3. Nf3 Bg4 4. Be2 Nc6 5. h3 Bxf3 6. Bxf3 Qe6+ 7. Qe2
Qxe2+ 8. Bxe2 Nd4 9. Bd1 O-O-O 10. O-O e5 11. Re1 f6 12. d3 Ne7 13. Nd2 Nd5 14.
c3 Nc6 15. Ne4 Be7 16. Ba4 Nb6 17. Bc2 h6 18. Bd2 f5 19. Ng3 g6 20. Rad1 Bg5
21. Nf1 Rd6 22. Ne3 Rhd8 23. Bc1 a5 24. g3 Bf6 25. a4 h5 26. h4 Kb8 27. Ng2 Nd7
28. Ne3 Nc5 29. Nc4 Rd5 30. Bg5 Bxg5 31. hxg5 h4 32. gxh4 Rh8 33. Ne3 Rd7 34.
Ng2 Ne6 35. d4 Nexd4 36. cxd4 Nxd4 37. Rxd4 Rxd4 38. Rxe5 Rd2 39. Bxf5 gxf5 40.
Rxf5 Rd1+ 41. Kh2 Rd4 42. Kg3 Rxa4 43. g6 Rb4 44. g7 1-0

[Event "World Rapid 2015"]
[Site "Berlin GER"]
[Date "2015.10.12"]
[Round "14.59"]
[White "Meister, Jakob"]
[Black "Naumann, Alexander"]
[Result "0-1"]
[WhiteElo "2437"]
[BlackElo "2545"]
[PlyCount "85"]
[EventDate "2015.10.10"]
[EventType "rapid"]

1. d4 d5 2. Bf4 Nf6 3. e3 c5 4. dxc5 e6 5. b4 a5 6. c3 Nc6 7. Bb5 Ne4 8. Nf3 g5
9. Be5 f6 10. Bg3 h5 11. h4 Nxg3 12. fxg3 Qc7 13. Kf2 g4 14. Nd4 Bh6 15. Qd3 f5
16. Nd2 O-O 17. a3 e5 18. Ne2 Be6 19. Rhf1 b6 20. Kg1 bxc5 21. bxc5 Ne7 22. c6
Nxc6 23. Rfb1 e4 24. Qc2 Bxe3+ 25. Kh1 Nd4 26. Nxd4 Bxd4 27. Nf1 Bxc3 28. Rc1
d4 29. Rab1 Rac8 30. Qe2 Qe5 31. Ba4 Rb8 32. Qa6 e3 33. Qe2 Rxb1 34. Rxb1 Rb8
35. Rxb8+ Qxb8 36. Qa6 Qe5 37. Bb5 Kg7 38. Be2 Bf7 39. Kh2 Be1 40. Qb7 f4 41.
Bc4 fxg3+ 42. Kg1 Qf6 43. Bd3 0-1

[Event "World Rapid 2015"]
[Site "Berlin GER"]
[Date "2015.10.12"]
[Round "14.60"]
[White "Tari, Aryan"]
[Black "Olafsson, Helgi"]
[Result "1/2-1/2"]
[WhiteElo "2521"]
[BlackElo "2549"]
[PlyCount "98"]
[EventDate "2015.10.10"]
[EventType "rapid"]

1. e4 e5 2. Nf3 Nc6 3. Bb5 a6 4. Ba4 Nf6 5. O-O Be7 6. d3 b5 7. Bb3 d6 8. a4
Rb8 9. axb5 axb5 10. Nc3 Bg4 11. Be3 O-O 12. h3 Bh5 13. Nd5 Nxd5 14. Bxd5 Nb4
15. Bb3 Ra8 16. Rxa8 Qxa8 17. c3 Na6 18. g4 Bg6 19. Qe2 Qb7 20. h4 Qc8 21. Nxe5
dxe5 22. h5 Nc5 23. Bxc5 Bxc5 24. hxg6 hxg6 25. Kg2 g5 26. Qf3 g6 27. Rh1 Kg7
28. Qh3 Rh8 29. Qxh8+ Qxh8 30. Rxh8 Kxh8 31. Bxf7 Kg7 32. Be8 b4 33. Kf3 bxc3
34. bxc3 Bb6 35. Ke2 Ba5 36. Kd2 Bb6 37. f3 Kf6 38. Kc2 Bf2 39. Kb3 c5 40. Kc4
Be1 41. Ba4 Bd2 42. Kb3 Be1 43. Be8 Bd2 44. Kc4 Be1 45. d4 cxd4 46. cxd4 exd4
47. Kd5 Bg3 48. Kxd4 Be5+ 49. Kd5 Bf4 1/2-1/2

[Event "World Rapid 2015"]
[Site "Berlin GER"]
[Date "2015.10.12"]
[Round "14.61"]
[White "Stern, Rene"]
[Black "Sethuraman, S.P."]
[Result "0-1"]
[WhiteElo "2538"]
[BlackElo "2640"]
[PlyCount "130"]
[EventDate "2015.10.10"]
[EventType "rapid"]

1. d4 d5 2. c4 e6 3. Nc3 c6 4. e4 dxe4 5. Nxe4 Bb4+ 6. Bd2 Qxd4 7. Bxb4 Qxe4+
8. Ne2 Nd7 9. Qd6 Qe5 10. Qd2 Ngf6 11. Bd6 Ne4 12. Bxe5 Nxd2 13. Bxg7 Rg8 14.
Bc3 Nxc4 15. Ng3 Ncb6 16. Bd3 f5 17. O-O Nd5 18. Rfe1 Kf7 19. Bd2 N7f6 20. f3
Bd7 21. a3 c5 22. b4 Rac8 23. Rec1 cxb4 24. axb4 a6 25. Bc4 Rc6 26. Bb3 Rxc1+
27. Rxc1 Rc8 28. Rxc8 Bxc8 29. Kf2 Bd7 30. Ne2 Ke7 31. h3 Kd6 32. g4 e5 33. Bh6
Kc6 34. Bg7 Ne8 35. Bxe5 Nxb4 36. Bc3 Nd5 37. Be5 Nd6 38. Ng3 a5 39. Bc2 b5 40.
Nxf5 Nc4 41. Bd4 a4 42. Be4 Be6 43. Ne7+ Kd6 44. Nxd5 Bxd5 45. Bxh7 b4 46. h4
b3 47. h5 a3 48. h6 b2 49. Bd3 Bg8 50. Bb1 Bh7 51. Ba2 b1=Q 52. Bxb1 Bxb1 53.
f4 Bh7 54. f5 Kd5 55. Ba1 Ne5 56. Kg3 Nf7 57. Kf4 Nxh6 58. Kg5 Nf7+ 59. Kf6 Nd6
60. Kg7 Bxf5 61. gxf5 Nxf5+ 62. Kf6 Ne3 63. Kg5 Nc2 64. Bf6 Nd4 65. Kf4 a2 0-1

[Event "World Rapid 2015"]
[Site "Berlin GER"]
[Date "2015.10.12"]
[Round "14.62"]
[White "Carlstedt, Jonathan"]
[Black "Dlugy, Maxim"]
[Result "1/2-1/2"]
[WhiteElo "2442"]
[BlackElo "2518"]
[PlyCount "123"]
[EventDate "2015.10.10"]
[EventType "rapid"]

1. c4 Nf6 2. g3 g6 3. Bg2 Bg7 4. Nc3 O-O 5. b3 c6 6. e4 d5 7. cxd5 cxd5 8. exd5
Na6 9. Nge2 Nb4 10. O-O Bf5 11. Nf4 g5 12. Nh5 Bd3 13. Nxg7 Kxg7 14. Re1 Nc2
15. Bb2 Nxa1 16. Bxa1 Kg8 17. Qf3 Bg6 18. Qe3 h6 19. h4 gxh4 20. gxh4 Kh7 21.
Qd4 Qb6 22. Qf4 Qd6 23. Qd4 Rg8 24. Kh1 Rae8 25. d3 Qb6 26. Qxb6 axb6 27. Ne2
Bxd3 28. Nf4 Bf5 29. Re5 Bb1 30. Bd4 Rg4 31. Ne2 Bxa2 32. Re3 Rxg2 33. Kxg2
Nxd5 34. Rf3 e5 35. Bb2 Re7 36. Rd3 Bb1 37. Rd2 f6 38. Kf1 Rd7 39. Nc3 Ne3+ 40.
Ke2 Rxd2+ 41. Kxd2 Ng4 42. Nxb1 Nxf2 43. Nc3 Kg6 44. Ke2 Nh3 45. Bc1 Kh5 46.
Nd5 f5 47. Kf3 Kxh4 48. Bxh6 Ng1+ 49. Kf2 Nh3+ 50. Kg2 e4 51. Bd2 b5 52. b4 Ng5
53. Bxg5+ Kxg5 54. Kg3 f4+ 55. Nxf4 Kf5 56. Ng2 Ke5 57. Ne3 Kd4 58. Kf4 Kc3 59.
Nd5+ Kd4 60. Ne3 Kc3 61. Nd5+ Kd4 62. Ne3 1/2-1/2

[Event "World Rapid 2015"]
[Site "Berlin GER"]
[Date "2015.10.12"]
[Round "14.63"]
[White "Papin, Vasily"]
[Black "Krnan, Tomas"]
[Result "0-1"]
[WhiteElo "2502"]
[BlackElo "2440"]
[PlyCount "92"]
[EventDate "2015.10.10"]
[EventType "rapid"]

1. c4 Nf6 2. g3 g6 3. Bg2 Bg7 4. Nc3 O-O 5. d4 d6 6. Nf3 Nc6 7. O-O a6 8. Bf4
Rb8 9. Rc1 h6 10. h3 g5 11. Be3 g4 12. hxg4 Nxg4 13. Qd2 Nxe3 14. Qxe3 e5 15.
dxe5 Re8 16. Rfd1 Nxe5 17. c5 Nd7 18. Qf4 Nxc5 19. b4 Ne6 20. Qd2 Bd7 21. Nd5
Ba4 22. Re1 Bc6 23. e4 Ng5 24. Nh4 Bxd5 25. Qxd5 c6 26. Qd3 Qf6 27. Nf5 Rbd8
28. f4 Ne6 29. Red1 c5 30. Qd5 Qg6 31. Kf2 Nd4 32. bxc5 Nxf5 33. exf5 Qh5 34.
Rd2 dxc5 35. Qxd8 Rxd8 36. Rxd8+ Kh7 37. Rxc5 Qg4 38. Bf3 Qh3 39. Rd1 Qh2+ 40.
Bg2 h5 41. Rcd5 h4 42. R5d3 h3 43. Rg1 Bf8 44. Rc3 b6 45. Kf1 Bc5 46. Rxc5
hxg2+ 0-1

[Event "World Rapid 2015"]
[Site "Berlin GER"]
[Date "2015.10.12"]
[Round "14.64"]
[White "Abel, Dennes"]
[Black "Rasmussen, Allan Stig"]
[Result "0-1"]
[WhiteElo "2441"]
[BlackElo "2498"]
[PlyCount "62"]
[EventDate "2015.10.10"]
[EventType "rapid"]

1. d4 d5 2. c4 dxc4 3. e3 Nf6 4. Bxc4 e6 5. Nf3 a6 6. O-O c5 7. dxc5 Bxc5 8.
Qxd8+ Kxd8 9. Ne5 Ke7 10. Be2 Nbd7 11. Nd3 Bd6 12. Nd2 b5 13. Nb3 Bb7 14. Na5
Bd5 15. Bd2 Rac8 16. Nb4 Nc5 17. Nxd5+ Nxd5 18. Rfc1 Na4 19. b3 Nac3 20. Bxc3
Rxc3 21. Rxc3 Nxc3 22. Bf3 Ba3 23. g3 Kd6 24. Nc6 e5 25. Bg2 Rc8 26. Na5 Kc5
27. Nb7+ Kb6 28. b4 Bxb4 29. a3 Be7 30. a4 b4 31. a5+ Ka7 0-1

[Event "World Rapid 2015"]
[Site "Berlin GER"]
[Date "2015.10.12"]
[Round "14.65"]
[White "Choukri, Adel"]
[Black "Shabalov, Alexander"]
[Result "1-0"]
[WhiteElo "2199"]
[BlackElo "2522"]
[PlyCount "83"]
[EventDate "2015.10.10"]
[EventType "rapid"]

1. e4 c5 2. Nf3 d6 3. g3 Nf6 4. d3 g6 5. Bg2 Bg7 6. O-O O-O 7. Re1 Nc6 8. c3 e5
9. h3 Re8 10. Be3 b6 11. Nbd2 Bb7 12. a3 h6 13. b4 cxb4 14. cxb4 d5 15. exd5
Nxd5 16. Rc1 Qd7 17. Nc4 Rac8 18. b5 Nd8 19. Qa4 Nxe3 20. Rxe3 e4 21. Rce1 Bc3
22. R1e2 Bd5 23. Nfd2 f5 24. dxe4 Bxc4 25. Nxc4 Bd4 26. Rd2 Qg7 27. Red3 Ne6
28. Nd6 Rc1+ 29. Kh2 Rd8 30. Rxd4 Nxd4 31. Rxd4 f4 32. Nf5 fxg3+ 33. fxg3 Qc7
34. Qb3+ Kf8 35. Rxd8+ Qxd8 36. Qb2 Qc7 37. Qf6+ Ke8 38. Qxg6+ Kd7 39. Qf7+ Kd8
40. Qd5+ Ke8 41. e5 Qc5 42. Nd6+ 1-0

[Event "World Rapid 2015"]
[Site "Berlin GER"]
[Date "2015.10.12"]
[Round "14.66"]
[White "Stefansson, Hannes"]
[Black "Ladva, Ottomar"]
[Result "0-1"]
[WhiteElo "2602"]
[BlackElo "2423"]
[PlyCount "54"]
[EventDate "2015.10.10"]
[EventType "rapid"]

1. d4 Nf6 2. c4 e6 3. Nf3 b6 4. g3 Ba6 5. b3 b5 6. cxb5 Bxb5 7. Nc3 Bb4 8. Bd2
Bc6 9. Bg2 O-O 10. O-O Qc8 11. a3 Bxc3 12. Bxc3 Qb7 13. Rc1 d6 14. Ba5 Rc8 15.
Qc2 Be4 16. Ne1 Bxg2 17. Nxg2 c5 18. dxc5 Rxc5 19. Qd2 Nc6 20. Bc3 Ne4 21. Qb2
Nxc3 22. Rxc3 Nd4 23. Re1 e5 24. b4 a5 25. Ne3 axb4 26. axb4 Rb8 27. Nc2 Rxc3
0-1

[Event "World Rapid 2015"]
[Site "Berlin GER"]
[Date "2015.10.12"]
[Round "14.68"]
[White "Carow, Johannes"]
[Black "Seel, Christian"]
[Result "1/2-1/2"]
[WhiteElo "2431"]
[BlackElo "2474"]
[PlyCount "39"]
[EventDate "2015.10.10"]
[EventType "rapid"]

1. d4 Nf6 2. Bg5 e6 3. Nd2 h6 4. Bh4 d5 5. e3 Be7 6. Bd3 b6 7. f4 Bb7 8. Ngf3
Ne4 9. Bxe7 Qxe7 10. O-O Nd7 11. Ne5 Nxe5 12. fxe5 Nxd2 13. Qxd2 O-O-O 14. a4
Rdf8 15. a5 f6 16. axb6 axb6 17. exf6 Rxf6 18. Rxf6 gxf6 19. Qf2 f5 20. c3
1/2-1/2

[Event "World Rapid 2015"]
[Site "Berlin GER"]
[Date "2015.10.12"]
[Round "14.69"]
[White "Pavlovic, Milos"]
[Black "Przybylski, Wojciech"]
[Result "0-1"]
[WhiteElo "2481"]
[BlackElo "2354"]
[PlyCount "54"]
[EventDate "2015.10.10"]
[EventType "rapid"]

1. c4 e5 2. g3 Nf6 3. Bg2 d5 4. cxd5 Nxd5 5. Nc3 Nb6 6. Nf3 Nc6 7. O-O Be7 8.
a3 O-O 9. b4 Be6 10. d3 a5 11. b5 Nd4 12. Nxe5 Bf6 13. f4 Nb3 14. Be3 Nxa1 15.
Qxa1 Nd5 16. Bc5 Bxe5 17. fxe5 Re8 18. a4 Nxc3 19. Qxc3 Bd5 20. e4 Be6 21. Be3
Rc8 22. Bc5 Qd7 23. d4 b6 24. Ba3 c6 25. Qb2 cxb5 26. axb5 Bc4 27. Rb1 Bd3 0-1

[Event "World Rapid 2015"]
[Site "Berlin GER"]
[Date "2015.10.12"]
[Round "14.70"]
[White "Carstensen, Jacob"]
[Black "Piorun, Kacper"]
[Result "1/2-1/2"]
[WhiteElo "2352"]
[BlackElo "2609"]
[PlyCount "106"]
[EventDate "2015.10.10"]
[EventType "rapid"]

1. d4 Nf6 2. c4 g6 3. Nc3 Bg7 4. e4 O-O 5. Nf3 c6 6. Bd3 d6 7. O-O Nbd7 8. b4
e5 9. d5 a5 10. b5 cxd5 11. cxd5 Nh5 12. Bg5 Ndf6 13. Qd2 a4 14. Rac1 a3 15.
Rc2 Bd7 16. Rb1 Qa5 17. Rb3 Rfc8 18. Nb1 Rxc2 19. Bxc2 Qxd2 20. Bxd2 Nf4 21.
Nxa3 Bg4 22. Kf1 Ne8 23. Ng1 Bd7 24. Ne2 Nxe2 25. Kxe2 f5 26. f3 Nf6 27. Bb4
Bf8 28. Rc3 fxe4 29. fxe4 Be7 30. g3 h5 31. h4 Bg4+ 32. Kd3 g5 33. hxg5 Ne8 34.
Nc4 Bxg5 35. Nxd6 Be7 36. Nxe8 Bxb4 37. Nf6+ Kg7 38. Rc4 Kxf6 39. Rxb4 Rxa2 40.
b6 Ra6 41. Kc4 Ke7 42. Kc5 Ra5+ 43. Rb5 Ra2 44. Bb3 Rg2 45. d6+ Kf6 46. Bd5
Rc2+ 47. Kb4 Bd7 48. Rc5 Rb2+ 49. Ka5 Rb1 50. Bxb7 Ra1+ 51. Kb4 Rb1+ 52. Ka5
Ra1+ 53. Kb4 Rb1+ 1/2-1/2

[Event "World Rapid 2015"]
[Site "Berlin GER"]
[Date "2015.10.12"]
[Round "14.71"]
[White "Schneider, Ilja"]
[Black "Bruedigam, Martin"]
[Result "1-0"]
[WhiteElo "2481"]
[BlackElo "2375"]
[PlyCount "83"]
[EventDate "2015.10.10"]
[EventType "rapid"]

1. d4 Nf6 2. Bg5 e6 3. e4 h6 4. Bxf6 Qxf6 5. Nc3 d6 6. Qd2 c6 7. Nge2 e5 8. g3
Be7 9. f4 O-O 10. Bg2 Nd7 11. O-O Qg6 12. Rad1 b5 13. f5 Qg5 14. Qxg5 Bxg5 15.
d5 b4 16. dxc6 bxc3 17. cxd7 Be3+ 18. Kh1 Ba6 19. Nxc3 Bxf1 20. Bxf1 Bd4 21.
Nb5 Rfd8 22. c3 a6 23. Nxd6 Rxd7 24. Nc4 Rad8 25. cxd4 Rxd4 26. Rxd4 Rxd4 27.
Nxe5 Rxe4 28. Nd3 g6 29. fxg6 fxg6 30. Kg2 g5 31. Kf3 Re7 32. Nc5 a5 33. Bc4+
Kg7 34. b3 Kf6 35. a4 Ke5 36. Kg4 Kd6 37. Ne6 Rf7 38. Kh5 Rf6 39. g4 Ke5 40.
Ng7 Rf2 41. Kxh6 Kf4 42. h3 1-0

[Event "World Rapid 2015"]
[Site "Berlin GER"]
[Date "2015.10.12"]
[Round "14.72"]
[White "Ben Artzi, Ido"]
[Black "Sanal, Vahap"]
[Result "0-1"]
[WhiteElo "2419"]
[BlackElo "2501"]
[PlyCount "94"]
[EventDate "2015.10.10"]
[EventType "rapid"]

1. d4 Nf6 2. c4 e6 3. Nc3 Bb4 4. e3 c5 5. Bd3 Bxc3+ 6. bxc3 d6 7. Nf3 Nc6 8.
O-O e5 9. Nd2 O-O 10. Rb1 b6 11. Re1 Re8 12. d5 Ne7 13. e4 Ng6 14. g3 Bh3 15.
Nf1 h6 16. Ne3 Qd7 17. f3 h5 18. Nf5 Bxf5 19. exf5 e4 20. Bxe4 Ne5 21. Bg5 Nh7
22. f4 Nxc4 23. Bd3 Rxe1+ 24. Qxe1 Re8 25. Qf2 b5 26. Re1 Nb6 27. Be4 Nxg5 28.
fxg5 Re5 29. f6 Qe8 30. Qf3 g6 31. Re2 Nxd5 32. Kf1 Nxc3 33. Bc6 Qe6 34. Rxe5
Qxe5 35. Bxb5 Ne4 36. Qe2 Nxg5 37. Qxe5 dxe5 38. Ke2 Ne4 39. Kd3 Nd6 40. Bc6 g5
41. h4 Kh7 42. hxg5 Kg6 43. Bd5 Kxg5 44. Ke3 Kxf6 45. Kd3 Kg5 46. Ke3 f5 47.
Kf3 e4+ 0-1

[Event "World Rapid 2015"]
[Site "Berlin GER"]
[Date "2015.10.12"]
[Round "14.73"]
[White "Breutigam, Martin"]
[Black "Gutov, Andrey"]
[Result "1/2-1/2"]
[WhiteElo "2380"]
[BlackElo "2384"]
[PlyCount "130"]
[EventDate "2015.10.10"]
[EventType "rapid"]

1. Nf3 Nf6 2. c4 e6 3. g3 d5 4. b3 c5 5. Bg2 Nc6 6. e3 Be7 7. O-O O-O 8. Bb2 d4
9. exd4 cxd4 10. Re1 Bc5 11. d3 Re8 12. Ne5 Nxe5 13. Rxe5 Bd6 14. Re1 e5 15.
Ba3 a5 16. Bxd6 Qxd6 17. Nd2 Bg4 18. Bf3 Bxf3 19. Qxf3 Re7 20. Re2 Rae8 21.
Rae1 g6 22. c5 Qc6 23. Qxc6 bxc6 24. f4 Nd7 25. Ne4 Kg7 26. Nd6 Rb8 27. Rc1 f5
28. Kg2 e4 29. dxe4 d3 30. Re3 fxe4 31. Rxe4 Rxe4 32. Nxe4 a4 33. bxa4 Rb4 34.
Kf3 Rxa4 35. Rc3 Rxe4 36. Rxd3 Nf6 37. Rd6 Ra4 38. Rxc6 Ra3+ 39. Kg2 Rxa2+ 40.
Kg1 h5 41. Rc7+ Kh6 42. c6 Rc2 43. h3 Nd5 44. Rd7 Nb4 45. c7 Rc6 46. Kg2 Rc3
47. g4 hxg4 48. hxg4 Nc2 49. Kf2 Nb4 50. Kg2 Na2 51. Kf2 Nc1 52. Ke1 Rc6 53.
Kf2 Rc3 54. Ke1 Na2 55. Kf2 Nb4 56. Kg2 Na6 57. f5 Nxc7 58. Rd6 Kg5 59. Rxg6+
Kf4 60. f6 Ne6 61. f7 Nf8 62. Rg8 Rg3+ 63. Kf2 Rxg4 64. Rxf8 Rg7 65. Ke2 Kf5
1/2-1/2

[Event "World Rapid 2015"]
[Site "Berlin GER"]
[Date "2015.10.12"]
[Round "14.74"]
[White "Valdes Romero, Leonardo"]
[Black "Richter, Michael"]
[Result "1-0"]
[WhiteElo "2362"]
[BlackElo "2517"]
[PlyCount "219"]
[EventDate "2015.10.10"]
[EventType "rapid"]

1. Nf3 d5 2. g3 Nc6 3. Bg2 e5 4. d3 f6 5. c3 Be6 6. b4 Qd7 7. Nbd2 Bd6 8. Qc2
Nge7 9. a3 a5 10. b5 Nd8 11. c4 c6 12. bxc6 bxc6 13. O-O O-O 14. e4 a4 15. Rb1
Nf7 16. c5 Bc7 17. Rb4 Ba5 18. Rxa4 Qc7 19. Nb3 d4 20. Nxa5 Rxa5 21. Bd2 Rxa4
22. Qxa4 Rb8 23. Bb4 Nc8 24. Nd2 Na7 25. f4 Nb5 26. f5 Bc8 27. Qc2 Ba6 28. Bf3
Nc3 29. Bxc3 dxc3 30. Qxc3 Qd7 31. Be2 Qd4+ 32. Qxd4 exd4 33. Rb1 Rxb1+ 34.
Nxb1 Ne5 35. Nd2 Nxd3 36. Bxd3 Bxd3 37. Nb3 Bxe4 38. Nxd4 Kf7 39. Kf2 g6 40. g4
Ke7 41. Ke3 Bg2 42. h4 gxf5 43. gxf5 Kd7 44. Ne6 h6 45. Nf4 Bf1 46. Kd4 Bb5 47.
Kc3 Ba4 48. Nh5 Ke7 49. Ng3 Bd1 50. Kb4 Kd8 51. a4 Kc7 52. a5 Kb7 53. Ne4 Bc2
54. Nxf6 Bxf5 55. Ng8 h5 56. Nf6 Bg4 57. Ne8 Bf3 58. Nd6+ Ka6 59. Nc4 Bd5 60.
Nb2 Be4 61. Ka4 Bc2+ 62. Kb4 Be4 63. Nd1 Bf3 64. Ne3 Be4 65. Nf1 Bg2 66. Ng3
Bf3 67. Nf5 Be4 68. Ng7 Bf3 69. Ne6 Bg2 70. Ka4 Be4 71. Nc7+ Kb7 72. Ne8 Ka6
73. Ng7 Bf3 74. Nf5 Bd1+ 75. Kb4 Bf3 76. Nd4 Be4 77. Ne6 Bf3 78. Nc7+ Kb7 79.
Ne8 Ka6 80. Nf6 Be2 81. Ne4 Bd3 82. Ng3 Bg6 83. Ne2 Be4 84. Nc1 Bd5 85. Ka4 Be4
86. Na2 Bc2+ 87. Kb4 Be4 88. Nc3 Bd3 89. Nd1 Bc2 90. Ne3 Bd3 91. Kc3 Be2 92.
Kd4 Kxa5 93. Ke5 Kb5 94. Kd6 Bf3 95. Nf5 Kc4 96. Ne7 Kb5 97. Ng6 Bg2 98. Nf4
Bf3 99. Nd3 Be4 100. Ne5 Bd5 101. Ng6 Bf3 102. Ne7 Be4 103. Nc8 Ka6 104. Kc7
Bf3 105. Kd6 Be4 106. Kc7 Bf3 107. Nd6 Bd5 108. Nf5 Kb5 109. Kd6 Bf3 110. Nd4+
1-0

[Event "World Rapid 2015"]
[Site "Berlin GER"]
[Date "2015.10.12"]
[Round "14.75"]
[White "Thiede, Lars"]
[Black "Berend, Elvira"]
[Result "0-1"]
[WhiteElo "2437"]
[BlackElo "2370"]
[PlyCount "86"]
[EventDate "2015.10.10"]
[EventType "rapid"]

1. Nf3 Nf6 2. g3 c5 3. Bg2 g6 4. O-O Bg7 5. c4 O-O 6. Nc3 d6 7. a3 Nc6 8. Rb1
a5 9. d3 Ne8 10. Bd2 Nc7 11. Ne1 Bd7 12. Nd5 Nxd5 13. cxd5 Nd4 14. e3 Nb5 15.
a4 Nc7 16. Bc3 Qc8 17. Qc2 Bh3 18. Bxh3 Qxh3 19. e4 e6 20. Qb3 exd5 21. exd5
Qf5 22. Bxg7 Kxg7 23. Qxb7 Nxd5 24. Ng2 Nb4 25. Qe4 Qd7 26. b3 Rfe8 27. Qc4 Nc6
28. Rfe1 Nd4 29. Re3 Rxe3 30. Nxe3 Rb8 31. Kg2 Re8 32. Qd5 Re5 33. Qa8 Rh5 34.
h4 Re5 35. Rb2 Re8 36. Qd5 Re5 37. Qa8 Re8 38. Qd5 Re5 39. Qa8 Qe6 40. Qb7 d5
41. Qc7 Nc6 42. Rc2 d4 43. Nc4 Qd5+ 0-1